000 00638nam a2200205 i 4500
001 115534
003 ES-MaACL
007 t|
008 070314s1924 sp ||||1| spa d
080 _a621.311.1
100 1 _aSintes Olives, Francisco F.
_9106653
245 1 0 _aSubcentrales de tracción /
_cpor Francisco F. Sintes.
260 _aMadrid :
_bCalpe,
_c[1924]
300 _a196 p. :
_bil. ;
_c17 cm.
490 1 _aBiblioteca del electricista práctico ;
_v40
650 1 4 _aSubestaciones eléctricas.
_917236
830 0 _aBiblioteca del electricista práctico ;
_v40
_9186267
852 _aES-MaACL
_jB-3773
999 _c115534
_d115534